000 00298nam a22001337a 4500
008 170329b xxu||||| |||| 00| 0 eng d
020 _a9780697059512
041 _aeng
080 _24 ED
_a616-053.2
100 _a8
101 _aSHM
245 _aCHILD DEVELOPMENT
_cSANTROCK.J.W
942 _2udc
_cBK
999 _c9053
_d9053